00389nam a2200157Ia 450000500170000000800410001704100120005808200120007010000190008224500480010125000080014926000260015750000150018365000200019870000130021820240823015213.0240823s9999||||xx |||||||||||||| ||und|| aENGLISH A670.285 aSurinder Kumar 0aCAD/CAM Technplogy of CAD and Manufcturing a1st bDhanpat Rai &aDelhi aTRANSFERED aCADbMechanical a Jha A K